000 08098cam a22018974i 4500
003 PE-LiUPU
005 20250813165507.0
008 171211s2016 ag a rb 001 0 spa d
020 _a950029883X
020 _a9789500298834
035 _a(Sirsi) a240395
040 _aPE-LiUPU
_bspa
_cPE-LiUPU
_dPE-LiUPU
_erda
049 _aPRUA
082 0 4 _a618.2
_bF44
_220
100 1 _aFescina, Ricardo Horacio,
_eautor.
245 1 0 _aObstetricia /
_cRicardo Horacio Fescina, Ricardo Leopoldo Schwarcz, Carlos Alberto Duverges.
250 _a7a edición.
264 1 _aBuenos Aires :
_bEl Ateneo,
_c2016.
300 _a782 páginas :
_bilustraciones ;
_c26 centímetros
336 _atext
_2rdacontent
337 _aunmediated
_2rdamedia
338 _avolume
_2rdacarrier
504 _aBibliografía al final de cada capítulo.
504 _aIndice : páginas 765-782.
505 0 _aAnatomía de los órganos femeninos de la reproducción -- Genitales externos -- Genitales internos -- Irrigación sanguínea del aparato genital -- Inervación del aparato genital -- Vasos linfáticos -- Origen y desarrollo del embarazo - Embriogénesis - Placentación -- La placenta como órgano de intercambio -- La placenta como órgano endocrino -- Crecimiento y fisiología del -- Líquido amniótico -- Móvil fetal y canal del parto -- Móvil Fetal -- Canal del parto -- Modificaciones de la anatomía y fisiología maternas producidas por el embarazo -- Modificaciones generales -- Modificaciones locales -- Examen de la mujer grávida - Semiología -- Asesoramiento genético -- Diagnóstico y tratamiento prenatal de trastornos genéticos y defectos congénitos -- Ultrasonidos en obstetricia -- Tamizaje ecográfico de cromosomopatías durante el primer trimestre - Evaluación ecográfica del corazón fetal -- Diagnóstico de. la salud fetal -- Alto riesgo materno-perinatal -- Teratología: medicamentos y otras sustancias -- El cuidado prenatal -- Los cuidados preconcepcionales -- El control prenatal -- Nutrición de la embarazada -- Contenidos educativos del control -- Embarazo patológico -- Malformaciones de los órganos genitales -- Embarazo múltiple -- Las hemorragias durante el embarazo -- Hemorragias de la primera mitad del embarazo -- Hemorragias de la segunda mitad del embarazo -- Alteraciones de la placenta -- Anomalías de las membranas fetoovulares -- Bajo peso al nacer -- Anomalías de la duración del embarazo -- Restricción del crecimiento -- Muerte fetal intrauterina -- Muerte del feto durante el trabajo de parto -- Enfermedades maternas inducidas por el embarazo o que lo complican - Síndrome HELLP -- Cardiopatías y embarazo -- Síndrome de hipotensión supina al final del embarazo -- Infecciones de trasmisión sexual (ITS) -- Infecciones Torch -- Otras infecciones por virus -- Otras infecciones bacterianas y parasitarias -- Enfermedades de la nutrición y de las glándulas endocrinas - Tiroideopatías -- Enfermedades del aparato urinario -- Nefropatías crónicas -- Otros trastornos renales -- Tumores y embarazo -- Enfermedades relacionadas con el aparato digestivo -- Trastornos hepáticos asociados a la gestación -- Anemias en la etapa perinatal - Dermopatías -- Osteopatías y miopatías gravídicas -- Neuropatías y psicopatías - Apendicitis -- Inmunología perinatal - Citopenías perinatales aloinmunes - Trombocitopenia neonatal aloinmunes (TNAI) - Neutropenia aloinmunes neonatal (NAIN) -- El parto normal - Definiciones -- Factores relacionados con la iniciación del parto -- Trabajo de parto -- Mecanismo del parto en general -- Atención del parto -- Período placentario normal: .Alumbramiento o tercer periodo del parto -- Atención Inmediata del recién nacido -- Lactancia materna - Anticoncepción -- Métodos anticonceptivos -- El parto patológico - Distocias -- Distocias de la contractilidad uterina -- Sufrimiento fetal agudo (Anoxia, Asfixia fetal intraparto) -- Distocias del canal pelvigenital -- Distocias de causa ovular -- Accidentes del parto -- Periodo placentario patológico (alumbramiento patológico) -- Shock hipovolémico -- Puerperio patológico -- Las operaciones obstétricas -- Analgesia y anestesia para las operaciones obstétricas -- Métodos quirúrgicos para la conservación del embarazo -- Métodos para la interrupción artificial del embarazo -- Acondicionamiento artificial del feto para su tránsito por las vías naturales -- Gran extracción pelviana -- Fórceps y ventosa obstétrica - Fitotomías -- Operación cesárea.
526 _aP203
526 _aP200
526 _aSEG65
526 _aSEG64
526 _aSEG63
526 _aSEG62
526 _aSEG61
526 _aSEG60
526 _aSEG59
526 _aSEG58
526 _aSEG57
526 _aSEG56
526 _aSEG55
526 _aSEG54
526 _aSEG53
526 _aSEG52
526 _aSEG51
526 _aSEG50
526 _aSEG49
526 _aSEG48
526 _aSEG47
526 _aSEG46
526 _aSEG24
526 _aSEG23
526 _aSEG22
526 _aSEG21
526 _aSEG20
526 _aSEG19
526 _aSEG18
526 _aSEG17
526 _aSEG16
526 _aSEG14
526 _aSEG13
526 _aSEG12
526 _aSEG11
526 _aSEG10
526 _aSEG09
526 _aSEG06
526 _aSEG05
526 _aSEG04
526 _aSEG03
526 _aSEG02
526 _aSEG68
526 _aSEG66
526 _aSEG45
526 _aSEG25
526 _aSEG01
526 _aP163
526 _aP162
526 _aP161
526 _aP160
526 _aP159
526 _aP158
526 _aP157
526 _aP156
526 _aP155
526 _aP154
526 _aP153
526 _aP152
526 _aP151
526 _aP150
526 _aP149
526 _aP142
526 _aP141
526 _aP140
526 _aP139
526 _aP138
526 _aP137
526 _aP132
526 _aP131
526 _aP130
526 _aP126
526 _aP125
526 _aP124
526 _aP123
526 _aP115
526 _aP122
526 _aP121
526 _aP116
526 _a P114
526 _aP112
526 _aP111
526 _aP104
526 _aP103
526 _aP102
526 _aP101
526 _aP100
526 _aP96
526 _aP95
526 _aP93
526 _aP92
526 _aP91
526 _aP88
526 _aP83
526 _aP82
526 _aP79
526 _aP78
526 _aP75
526 _aP74
526 _aP71
526 _aP69
526 _a P51
526 _aP49
526 _aP48
526 _aP47
526 _aP33
526 _aP31
526 _a P30
526 _aP29
526 _aP27
526 _aP26
526 _aP25
526 _aP24
526 _a P22
526 _aP10
526 _aP09
526 _a P08
526 _aP06
526 _aP05
526 _aP04
526 _aP01
541 _g0028-0000238;
541 _g002-00000056;
650 0 4 _aEnfermería obstétrica.
650 0 4 _aObstetricia.
_92002
650 0 4 _aObstetric nursing.
650 0 4 _aObstetrics.
700 1 _aSchwarcz,Ricardo Leopoldo,
_eautor.
700 1 _aDuverges, Carlos Alberto,
_eautor.
910 _adbm
_bncf
_cncf
_d20171211
910 _adbm
_bcsm
_ccsm
_d20180531
596 _a1
942 _2ddc
_cBOOK
999 _a618.2 F44
_wDEWEY
_c26058
_i77503
_d26058
_e2019-9-29
_f2021-11-4
_g4
_lCCODEBUL1
_mBUL
_n7
_p69.53
_q2
_r0
_sY
_tBOOK
_u2017-12-11
_xSALUD
_zP69
_0COMPRA
_o.STAFF. Colección Ciencias de la Salud
999 _a618.2 F44
_wDEWEY
_c2
_i78715
_d2019-10-6
_e2019-10-4
_f2021-11-4
_g4
_lCCODEBUL1
_mBUL
_n2
_p68.72
_q2
_r0
_sY
_tBOOK
_u2018-5-31
_xSALUD
_PP22
_0COMPRA
_1FCOMPRA
_o.STAFF. Colección Ciencias de la Salud
980 _81
_gALBERTO SANCHEZ Responsable de Automatización